000 00514nam a2200169 i 4500
001 29651
003 ES-MaACL
005 20230906154052.0
007 t|
008 030122s1945 sp ||||1| spa d
100 1 _aBallesteros Gaibrois, Manuel,
_d1911-2002
_925056
245 1 0 _aHistoria de la cultura /
_cManuel Ballesteros Gaibrois.
260 _aMadrid :
_bPegaso,
_c[1945] (
_fGonzález)
300 _aVII, 847 p., 11 lám. ;
_c23 cm.
852 _aES-MaACL
_jF-16245
_bR.21269
999 _c29651
_d29651